[Event "Mitropa Cup 32nd"]
[Site "Meissen"]
[Date "2013.06.07"]
[Round "7.3"]
[White "Cotonnec, Melkior"]
[Black "Donchenko, Alexander"]
[Result "1/2-1/2"]
[WhiteElo "2432"]
[BlackElo "2465"]
[PlyCount "64"]
[EventDate "2013.06.01"]
[EventType "team-tourn"]
[EventRounds "9"]
[EventCountry "GER"]
[Source "ChessBase"]
[SourceDate "2013.06.25"]
[WhiteTeam "France"]
[BlackTeam "Germany"]
[WhiteTeamCountry "FRA"]
[BlackTeamCountry "GER"]

1. d4 d5 2. Nf3 Nf6 3. e3 c5 4. Nbd2 cxd4 5. exd4 Nc6 6. Be2 Bg4 7. O-O e6 8.
Re1 Bd6 9. Nf1 O-O 10. c3 Qc7 11. Ng3 Nh5 12. h3 Bxf3 13. Nxh5 Be4 14. Be3 Rab8
15. Qd2 Ne7 16. Bf4 Rfc8 17. Bxd6 Qxd6 18. Nf4 Ng6 19. Nxg6 Bxg6 20. a4 Rc7 21.
Bf1 Qd8 22. Re3 Qg5 23. Re2 Qxd2 24. Rxd2 Kf8 25. f3 h6 26. Kf2 Bh7 27. h4 g5
28. Be2 Kg7 29. Ke3 Kf6 30. hxg5+ hxg5 31. Rh1 Bg6 32. Kf2 Rcc8 1/2-1/2

[Event "Mitropa Cup 32nd"]
[Site "Meissen"]
[Date "2013.06.07"]
[Round "7.3"]
[White "Fridman, Daniel"]
[Black "Housieaux, David"]
[Result "1-0"]
[WhiteElo "2629"]
[BlackElo "2466"]
[PlyCount "91"]
[EventDate "2013.06.01"]
[EventType "team-tourn"]
[EventRounds "9"]
[EventCountry "GER"]
[Source "ChessBase"]
[SourceDate "2013.06.25"]
[WhiteTeam "Germany"]
[BlackTeam "France"]
[WhiteTeamCountry "GER"]
[BlackTeamCountry "FRA"]

1. Nf3 Nf6 2. c4 g6 3. Nc3 Bg7 4. e4 d6 5. d4 O-O 6. Be2 e5 7. O-O Nc6 8. d5
Ne7 9. Ne1 Nd7 10. Nd3 f5 11. Bd2 Nf6 12. f3 Kh8 13. Rc1 c6 14. Kh1 a6 15. g4
b6 16. Be3 Rb8 17. Nb4 Bb7 18. dxc6 Nxc6 19. Nxc6 Bxc6 20. gxf5 gxf5 21. exf5
Ng4 22. Bg1 Nh6 23. Bd3 Nxf5 24. Be4 Rc8 25. Qd3 Nd4 26. Bxc6 Rxc6 27. Bxd4
exd4 28. Nd5 b5 29. b3 Qh4 30. f4 bxc4 31. bxc4 Rb8 32. Rf3 Qh5 33. Ne7 Rc7 34.
Rh3 Qxh3 35. Ng6+ hxg6 36. Qxh3+ Kg8 37. Qe6+ Kh7 38. Rg1 Rb2 39. Qxg6+ Kh8 40.
Qe8+ Kh7 41. Rg5 d5 42. Rh5+ Bh6 43. Qe6 Rb1+ 44. Kg2 Rg7+ 45. Kh3 Rg6 46. Qf7+
1-0

[Event "Mitropa Cup 32nd"]
[Site "Meissen"]
[Date "2013.06.07"]
[Round "7.3"]
[White "Guidarelli, Laurent"]
[Black "Bluebaum, Matthias"]
[Result "1-0"]
[WhiteElo "2472"]
[BlackElo "2521"]
[PlyCount "121"]
[EventDate "2013.06.01"]
[EventType "team-tourn"]
[EventRounds "9"]
[EventCountry "GER"]
[Source "ChessBase"]
[SourceDate "2013.06.25"]
[WhiteTeam "France"]
[BlackTeam "Germany"]
[WhiteTeamCountry "FRA"]
[BlackTeamCountry "GER"]

1. d4 d5 2. c4 c6 3. Nf3 Nf6 4. Nc3 dxc4 5. a4 Bf5 6. e3 e6 7. Bxc4 Bb4 8. O-O
O-O 9. Nh4 Nbd7 10. h3 Rc8 11. Nxf5 exf5 12. Qf3 g6 13. g4 c5 14. Ba2 fxg4 15.
hxg4 Nb6 16. d5 Qe7 17. Bb1 Rfe8 18. a5 Nc4 19. g5 Nd7 20. e4 Nd6 21. Qh3 f6
22. gxf6 Nxf6 23. f3 c4 24. Bf4 Nf7 25. Bc2 Nh5 26. Bh2 Qg5+ 27. Kh1 Bd6 28.
Rg1 Nf4 29. Qxc8 Rxc8 30. Rxg5 Nxg5 31. a6 bxa6 32. Rxa6 Be5 33. Bxf4 Bxf4 34.
Ne2 Bd2 35. Nd4 Be3 36. Nc6 Rf8 37. Bd1 Nxe4 38. fxe4 Rf1+ 39. Kg2 Rxd1 40. Kf3
Bc5 41. Kf4 Rd2 42. Ke5 Kf7 43. Ra4 Rc2 44. Nd4 Rh2 45. Nf3 Rc2 46. Ng5+ Ke7
47. Ne6 Bd6+ 48. Kd4 h5 49. Rxa7+ Kf6 50. Ra6 Ke7 51. Nf8 Kxf8 52. Rxd6 Rg2 53.
e5 h4 54. Rd8+ Kg7 55. Rd7+ Kg8 56. e6 Re2 57. e7 h3 58. Rd8+ Kf7 59. d6 h2 60.
Rf8+ Kg7 61. Rf1 1-0

[Event "Mitropa Cup 32nd"]
[Site "Meissen"]
[Date "2013.06.07"]
[Round "7.3"]
[White "Wagner, Dennis"]
[Black "Bailet, Pierre"]
[Result "1-0"]
[WhiteElo "2461"]
[BlackElo "2461"]
[PlyCount "53"]
[EventDate "2013.06.01"]
[EventType "team-tourn"]
[EventRounds "9"]
[EventCountry "GER"]
[Source "ChessBase"]
[SourceDate "2013.06.25"]
[WhiteTeam "Germany"]
[BlackTeam "France"]
[WhiteTeamCountry "GER"]
[BlackTeamCountry "FRA"]

1. d4 d5 2. c4 c6 3. Nc3 Nf6 4. e3 Bf5 5. cxd5 cxd5 6. Qb3 Bc8 7. Nf3 Nc6 8.
Bd3 e6 9. O-O Be7 10. Bd2 O-O 11. Rac1 Na5 12. Qd1 a6 13. e4 Nc4 14. e5 Ne4 15.
Bxe4 dxe4 16. Nxe4 b5 17. b3 Nxd2 18. Qxd2 Bb7 19. Qf4 Ba3 20. Rc3 Rc8 21. Rd3
Qd5 22. Nf6+ gxf6 23. Nh4 Qd8 24. Nf5 exf5 25. Qh6 Bc1 26. Rg3+ Bg5 27. exf6
1-0

[Event "Mitropa Cup 32nd"]
[Site "Meissen"]
[Date "2013.06.07"]
[Round "7.5"]
[White "Czebe, Attila"]
[Black "Zueger, Beat"]
[Result "1-0"]
[WhiteElo "2488"]
[BlackElo "2397"]
[PlyCount "69"]
[EventDate "2013.06.01"]
[EventType "team-tourn"]
[EventRounds "9"]
[EventCountry "GER"]
[Source "ChessBase"]
[SourceDate "2013.06.25"]
[WhiteTeam "Hungary"]
[BlackTeam "Switzerland"]
[WhiteTeamCountry "HUN"]
[BlackTeamCountry "SUI"]

1. e4 c5 2. Nf3 e6 3. d4 cxd4 4. Nxd4 a6 5. Nc3 b5 6. Bd3 Bb7 7. O-O Nc6 8.
Nxc6 Bxc6 9. Re1 Ne7 10. Bd2 Qb8 11. a4 b4 12. Ne2 Ng6 13. Nd4 Bd6 14. Nxc6
dxc6 15. g3 h5 16. f4 h4 17. Be3 hxg3 18. hxg3 Bxf4 19. gxf4 Nxf4 20. Qf3 Nxd3
21. cxd3 Qh2+ 22. Kf1 Qxb2 23. Rac1 Qb3 24. Kg2 Qxa4 25. Rf1 f6 26. e5 Kd7 27.
Rc4 f5 28. Rfc1 Rac8 29. Rd4+ Ke8 30. Qg3 Kf8 31. Rd7 Qa2+ 32. Kg1 Rh7 33. Bh6
Qb2 34. Bxg7+ Ke8 35. Qg6+ 1-0

[Event "Mitropa Cup 32nd"]
[Site "Meissen"]
[Date "2013.06.07"]
[Round "7.5"]
[White "Horvath, Adam"]
[Black "Gallagher, Joseph G"]
[Result "1-0"]
[WhiteElo "2532"]
[BlackElo "2518"]
[PlyCount "75"]
[EventDate "2013.06.01"]
[EventType "team-tourn"]
[EventRounds "9"]
[EventCountry "GER"]
[Source "ChessBase"]
[SourceDate "2013.06.25"]
[WhiteTeam "Hungary"]
[BlackTeam "Switzerland"]
[WhiteTeamCountry "HUN"]
[BlackTeamCountry "SUI"]

1. e4 c5 2. Nf3 d6 3. d4 cxd4 4. Nxd4 Nf6 5. Nc3 a6 6. Be3 e5 7. Nb3 Be6 8. h3
Nbd7 9. g4 Nb6 10. Qf3 Rc8 11. O-O-O Rxc3 12. bxc3 Na4 13. g5 Nd7 14. Bd2 b5
15. h4 Ndb6 16. Bh3 d5 17. Bxe6 fxe6 18. Kb1 Ba3 19. Qh5+ g6 20. Qg4 Qd6 21.
exd5 Nxd5 22. c4 bxc4 23. Qxc4 Nab6 24. Qe2 Qc7 25. Qxa6 Qd6 26. c4 Nc7 27. Qb7
Qd3+ 28. Ka1 Bb2+ 29. Kxb2 Nxc4+ 30. Ka1 O-O 31. Qxc7 Ra8 32. Ba5 Qc2 33. Rd8+
Rxd8 34. Qxd8+ Kg7 35. Qf6+ Kg8 36. Qxe6+ Kh8 37. Qc8+ Kg7 38. Rb1 1-0

[Event "Mitropa Cup 32nd"]
[Site "Meissen"]
[Date "2013.06.07"]
[Round "7.5"]
[White "Hug, Werner"]
[Black "Horvath, Jozsef"]
[Result "1/2-1/2"]
[WhiteElo "2471"]
[BlackElo "2518"]
[PlyCount "50"]
[EventDate "2013.06.01"]
[EventType "team-tourn"]
[EventRounds "9"]
[EventCountry "GER"]
[Source "ChessBase"]
[SourceDate "2013.06.25"]
[WhiteTeam "Switzerland"]
[BlackTeam "Hungary"]
[WhiteTeamCountry "SUI"]
[BlackTeamCountry "HUN"]

1. d4 Nf6 2. Nf3 d5 3. Bg5 Ne4 4. Bf4 c5 5. e3 Qb6 6. Nc3 e6 7. Bxb8 Nxc3 8.
bxc3 Rxb8 9. Rb1 Qc7 10. Bb5+ Bd7 11. Bxd7+ Qxd7 12. O-O Bd6 13. c4 dxc4 14.
dxc5 Bxc5 15. Qxd7+ Kxd7 16. Ne5+ Ke7 17. Rfd1 Rhd8 18. Rxd8 Rxd8 19. Rxb7+ Ke8
20. Kf1 Rd1+ 21. Ke2 Rc1 22. Rb8+ Ke7 23. Rb7+ Ke8 24. Rb8+ Ke7 25. Rb7+ Ke8
1/2-1/2

[Event "Mitropa Cup 32nd"]
[Site "Meissen"]
[Date "2013.06.07"]
[Round "7.5"]
[White "Studer, Noel"]
[Black "Varga, Zoltan"]
[Result "0-1"]
[WhiteElo "2343"]
[BlackElo "2447"]
[PlyCount "132"]
[EventDate "2013.06.01"]
[EventType "team-tourn"]
[EventRounds "9"]
[EventCountry "GER"]
[Source "ChessBase"]
[SourceDate "2013.06.25"]
[WhiteTeam "Switzerland"]
[BlackTeam "Hungary"]
[WhiteTeamCountry "SUI"]
[BlackTeamCountry "HUN"]

1. e4 d5 2. exd5 Qxd5 3. Nc3 Qa5 4. d4 Nf6 5. Nf3 Bf5 6. Bc4 e6 7. Bd2 Bb4 8.
a3 Bxc3 9. Bxc3 Qb6 10. O-O Nc6 11. b4 a6 12. Qe2 O-O 13. Bb2 Bg4 14. Rad1 Rad8
15. Bb3 Qb5 16. c4 Qh5 17. h3 Bxf3 18. Qxf3 Qxf3 19. gxf3 Ne7 20. a4 Rd7 21. b5
Rfd8 22. Bc2 Ne8 23. Kh1 axb5 24. axb5 Nd6 25. Bd3 Ndf5 26. Be4 c6 27. bxc6
bxc6 28. Rd2 Nxd4 29. Rfd1 c5 30. Ba3 Rc8 31. Bxc5 Rxc5 32. Rxd4 Rxd4 33. Rxd4
f5 34. Bd3 Nc6 35. Rd6 Ne5 36. Be2 Kf7 37. Rd4 g5 38. f4 gxf4 39. Rxf4 Nc6 40.
Bf3 Na5 41. Be2 Nb3 42. Rh4 Kg6 43. Bd1 Nd2 44. Rd4 Ne4 45. Kg2 e5 46. Rd5 Rxd5
47. cxd5 Kg5 48. Kf3 Nd6 49. Bc2 h6 50. Kg3 f4+ 51. Kf3 Kh4 52. Kg2 e4 53. Bd1
h5 54. Bb3 f3+ 55. Kh2 Kg5 56. h4+ Kxh4 57. Bc2 Kg4 58. Bd1 Kf4 59. Kh3 Nf5 60.
Bc2 Ke5 61. Bb3 Nd4 62. Bc4 Ne2 63. Kh4 Nf4 64. Bb3 Nd3 65. Kg3 h4+ 66. Kxh4 e3
0-1

[Event "Mitropa Cup 32nd"]
[Site "Meissen"]
[Date "2013.06.08"]
[Round "8.3"]
[White "Donchenko, Alexander"]
[Black "Handler, Lukas"]
[Result "1/2-1/2"]
[WhiteElo "2465"]
[BlackElo "2398"]
[PlyCount "65"]
[EventDate "2013.06.01"]
[EventType "team-tourn"]
[EventRounds "9"]
[EventCountry "GER"]
[Source "ChessBase"]
[SourceDate "2013.06.25"]
[WhiteTeam "Germany"]
[BlackTeam "Austria"]
[WhiteTeamCountry "GER"]
[BlackTeamCountry "AUT"]

1. Nf3 Nf6 2. g3 d5 3. Bg2 c6 4. c4 Bg4 5. Ne5 Be6 6. cxd5 Bxd5 7. Nf3 c5 8.
Nc3 Bc6 9. O-O e6 10. Re1 Be7 11. e4 O-O 12. d4 cxd4 13. Nxd4 Qb6 14. Nb3 Rd8
15. Qe2 Qa6 16. Qc2 b6 17. Bf4 Qb7 18. Rad1 Nbd7 19. Nd4 e5 20. Nf5 Bf8 21. Bg5
h6 22. Bc1 Rac8 23. Qd3 Qa8 24. Nd5 Nxd5 25. exd5 Nf6 26. Ne3 Bb7 27. Qf5 Bd6
28. b3 Bb4 29. Bd2 Bc5 30. Qxe5 Bxe3 31. Bxe3 Bxd5 32. Bxd5 Rxd5 33. Rxd5
1/2-1/2

[Event "Mitropa Cup 32nd"]
[Site "Meissen"]
[Date "2013.06.08"]
[Round "8.3"]
[White "Shengelia, Davit"]
[Black "Fridman, Daniel"]
[Result "1/2-1/2"]
[WhiteElo "2558"]
[BlackElo "2629"]
[PlyCount "61"]
[EventDate "2013.06.01"]
[EventType "team-tourn"]
[EventRounds "9"]
[EventCountry "GER"]
[Source "ChessBase"]
[SourceDate "2013.06.25"]
[WhiteTeam "Austria"]
[BlackTeam "Germany"]
[WhiteTeamCountry "AUT"]
[BlackTeamCountry "GER"]

1. d4 d5 2. c4 e6 3. Nf3 Nf6 4. Nc3 dxc4 5. e3 a6 6. a4 c5 7. Bxc4 Nc6 8. O-O
Be7 9. Qe2 cxd4 10. Rd1 e5 11. exd4 exd4 12. Nxd4 Nxd4 13. Qe5 Qd6 14. Qxd6
Bxd6 15. Rxd4 Bc5 16. Rd1 O-O 17. Bg5 Be6 18. Bxe6 fxe6 19. Bxf6 gxf6 20. Rd7
Rf7 21. Rad1 b5 22. Rxf7 Kxf7 23. axb5 axb5 24. Nxb5 Rb8 25. Nd6+ Bxd6 26. Rxd6
Rxb2 27. g3 e5 28. Rd7+ Kg6 29. Kg2 h5 30. h4 e4 31. Re7 1/2-1/2

[Event "Mitropa Cup 32nd"]
[Site "Meissen"]
[Date "2013.06.08"]
[Round "8.1"]
[White "Czebe, Attila"]
[Black "Saric, Ante"]
[Result "1/2-1/2"]
[WhiteElo "2488"]
[BlackElo "2551"]
[PlyCount "96"]
[EventDate "2013.06.01"]
[EventType "team-tourn"]
[EventRounds "9"]
[EventCountry "GER"]
[Source "ChessBase"]
[SourceDate "2013.06.25"]
[WhiteTeam "Hungary"]
[BlackTeam "Croatia"]
[WhiteTeamCountry "HUN"]
[BlackTeamCountry "CRO"]

1. Nf3 c5 2. b3 d5 3. Bb2 Nc6 4. e3 a6 5. d4 cxd4 6. exd4 Bf5 7. a3 e6 8. Nbd2
Nf6 9. g3 Ne4 10. Nh4 Nxd2 11. Qxd2 Bg4 12. Bd3 Be7 13. Ng2 Bf3 14. O-O Bg5 15.
Nf4 Bh5 16. Qe3 O-O 17. Bc1 Bg6 18. Bxg6 hxg6 19. h4 Bxf4 20. Qxf4 Qf6 21. Qxf6
gxf6 22. Bb2 Rfc8 23. Rfe1 Ne7 24. Re2 Rc6 25. Rd1 Rac8 26. Rdd2 b5 27. Kf1 Nf5
28. Ke1 Kg7 29. Kd1 Nd6 30. Kc1 Ne4 31. Rd3 f5 32. Kb1 f6 33. Rd1 g5 34. hxg5
Nxg5 35. Rd3 Kf7 36. f3 Rh8 37. Bc1 Rh1 38. Kb2 Rg1 39. Bf4 Rf1 40. Bxg5 fxg5
41. Rh2 Rg1 42. f4 g4 43. Re3 Rd1 44. Ree2 Ke7 45. Rh7+ Kd6 46. Rh6 Kd7 47.
Rh7+ Kd6 48. Rh6 Kd7 1/2-1/2

[Event "Mitropa Cup 32nd"]
[Site "Meissen"]
[Date "2013.06.08"]
[Round "8.1"]
[White "Horvath, Adam"]
[Black "Kuljasevic, Davorin"]
[Result "1/2-1/2"]
[WhiteElo "2532"]
[BlackElo "2574"]
[PlyCount "224"]
[EventDate "2013.06.01"]
[EventType "team-tourn"]
[EventRounds "9"]
[EventCountry "GER"]
[Source "ChessBase"]
[SourceDate "2013.06.25"]
[WhiteTeam "Hungary"]
[BlackTeam "Croatia"]
[WhiteTeamCountry "HUN"]
[BlackTeamCountry "CRO"]

1. e4 e5 2. Nf3 Nc6 3. Bb5 a6 4. Ba4 Nf6 5. O-O Be7 6. d3 b5 7. Bb3 d6 8. a4
Bd7 9. c3 Na5 10. Bc2 c5 11. Nbd2 O-O 12. Re1 Nc6 13. Nf1 Re8 14. Bg5 Be6 15.
h3 h6 16. Bxf6 Bxf6 17. Ne3 Na5 18. b4 cxb4 19. cxb4 Nc6 20. Bb3 Nxb4 21. Bxe6
fxe6 22. Qb3 a5 23. axb5 d5 24. Ng4 dxe4 25. Rxe4 Qd5 26. Qc3 Be7 27. Rxe5 Qxd3
28. Qxd3 Nxd3 29. Rxe6 Bb4 30. Rc6 Reb8 31. Nd4 a4 32. Rc7 h5 33. Ne3 a3 34.
Nd5 Bd6 35. Rc3 Nb4 36. Nxb4 Bxb4 37. Rb3 Bc5 38. Nc2 Rf8 39. Ne3 Rfb8 40. Nc2
Ra5 41. b6 Bxb6 42. Raxa3 Rxa3 43. Rxa3 Bc5 44. Ra1 Rb2 45. Rc1 Kf7 46. Kf1 Kf6
47. Ke2 Ke5 48. Kf3 Kf5 49. h4 g5 50. hxg5 Kxg5 51. Ne3 Bxe3 52. Kxe3 Rb3+ 53.
Kd2 h4 54. Rc3 Rb2+ 55. Ke1 Ra2 56. Kf1 Ra1+ 57. Ke2 Rg1 58. Kf3 h3 59. gxh3
Rh1 60. Kg2 Ra1 61. Rg3+ Kh4 62. Rg8 Ra2 63. Rh8+ Kg5 64. Kg3 Ra3+ 65. f3 Ra1
66. Rb8 Rg1+ 67. Kf2 Ra1 68. Rb4 Kf5 69. Rg4 Ra2+ 70. Kg3 Ra1 71. Rf4+ Kg6 72.
Rb4 Rg1+ 73. Kf4 Rh1 74. Rb6+ Kg7 75. Kg3 Rg1+ 76. Kf2 Rh1 77. Kg2 Ra1 78. h4
Ra4 79. Kg3 Rc4 80. Re6 Ra4 81. Re4 Ra1 82. Kg4 Kf6 83. Rb4 Rg1+ 84. Kf4 Ra1
85. Rb6+ Kg7 86. Kg5 Ra5+ 87. Kg4 Ra4+ 88. f4 Ra1 89. Kg5 Rg1+ 90. Kf5 Rh1 91.
Rg6+ Kh7 92. Rg4 Kh6 93. Kf6 Ra1 94. Rg2 Ra6+ 95. Kf5 Kh5 96. Rg1 Ra5+ 97. Ke6
Ra6+ 98. Kf7 Ra7+ 99. Kg8 Ra4 100. Rf1 Kg6 101. h5+ Kxh5 102. f5 Ra8+ 103. Kg7
Ra7+ 104. Kf6 Ra6+ 105. Ke5 Ra5+ 106. Kd4 Ra4+ 107. Kc5 Ra5+ 108. Kb6 Ra8 109.
f6 Kg6 110. f7 Rf8 111. Kc6 Rxf7 112. Rxf7 Kxf7 1/2-1/2

[Event "Mitropa Cup 32nd"]
[Site "Meissen"]
[Date "2013.06.08"]
[Round "8.1"]
[White "Jankovic, Alojzije"]
[Black "Horvath, Jozsef"]
[Result "1/2-1/2"]
[WhiteElo "2559"]
[BlackElo "2518"]
[PlyCount "134"]
[EventDate "2013.06.01"]
[EventType "team-tourn"]
[EventRounds "9"]
[EventCountry "GER"]
[Source "ChessBase"]
[SourceDate "2013.06.25"]
[WhiteTeam "Croatia"]
[BlackTeam "Hungary"]
[WhiteTeamCountry "CRO"]
[BlackTeamCountry "HUN"]

1. d4 Nf6 2. Nf3 e6 3. c4 Bb4+ 4. Bd2 Bxd2+ 5. Qxd2 d5 6. g3 O-O 7. Bg2 Nbd7 8.
O-O dxc4 9. Na3 e5 10. Nxc4 e4 11. Nfe5 Nb6 12. h3 Be6 13. Na5 Qc8 14. Kh2 Bd5
15. Rfc1 Re8 16. a4 c6 17. b4 Qb8 18. b5 cxb5 19. axb5 Qd6 20. e3 h5 21. Nac4
Nxc4 22. Nxc4 Qe6 23. Qb4 h4 24. g4 g6 25. b6 Bxc4 26. Qxc4 Qxb6 27. Qc7 Qb2
28. Rab1 Qxf2 29. Rf1 Qg3+ 30. Qxg3 hxg3+ 31. Kxg3 Nd5 32. Rxb7 f5 33. gxf5
Nxe3 34. Rc1 Nxf5+ 35. Kf4 Nxd4 36. Bxe4 Ne2+ 37. Kg5 Rxe4 38. Rcc7 Re5+ 39.
Kg4 Rh5 40. Rg7+ Kh8 41. Rxg6 Rxh3 42. Kxh3 Nf4+ 43. Kg4 Nxg6 44. Kf5 Nf8 45.
Ke5 Kg8 46. Rc7 a5 47. Rc3 Kf7 48. Kd6 a4 49. Ra3 Ne6 50. Rf3+ Kg6 51. Kxe6 a3
52. Rf1 a2 53. Rg1+ Kh5 54. Ra1 Ra5 55. Kd6 Kg4 56. Kc6 Kf3 57. Kb6 Ra8 58. Kb5
Ke3 59. Kc4 Kd2 60. Kb3 Rb8+ 61. Kc4 Rc8+ 62. Kb3 Rb8+ 63. Kc4 Rb2 64. Rh1 Kc2
65. Ra1 Kd2 66. Rh1 Ke3 67. Ra1 Kd2 1/2-1/2

[Event "Mitropa Cup 32nd"]
[Site "Meissen"]
[Date "2013.06.08"]
[Round "8.4"]
[White "Bailet, Pierre"]
[Black "Rasik, Vitezslav"]
[Result "1-0"]
[WhiteElo "2461"]
[BlackElo "2483"]
[PlyCount "81"]
[EventDate "2013.06.01"]
[EventType "team-tourn"]
[EventRounds "9"]
[EventCountry "GER"]
[Source "ChessBase"]
[SourceDate "2013.06.25"]
[WhiteTeam "France"]
[BlackTeam "Czechia"]
[WhiteTeamCountry "FRA"]
[BlackTeamCountry "CZE"]

1. d4 d6 2. Nf3 Nf6 3. c4 g6 4. Nc3 Bg7 5. e4 O-O 6. Be2 e5 7. Be3 Nh5 8. dxe5
dxe5 9. Qxd8 Rxd8 10. Nd5 Na6 11. O-O-O Bg4 12. c5 Nf4 13. Bxf4 exf4 14. Bxa6
bxa6 15. Nxc7 Rxd1+ 16. Rxd1 Rc8 17. Nxa6 Bf8 18. b4 Be6 19. Rd5 Rc6 20. Nb8
Rc8 21. Nd7 Bxd5 22. exd5 Rd8 23. Nfe5 Be7 24. d6 Bxd6 25. cxd6 Kg7 26. Kc2 f6
27. Nc5 Rxd6 28. Ned3 g5 29. b5 f5 30. a4 Kf6 31. a5 Ke7 32. Nb4 Rg6 33. b6
axb6 34. axb6 Rxb6 35. Nd5+ Kd6 36. Nxb6 Kxc5 37. Na4+ Kd4 38. Kd2 g4 39. f3 h5
40. Nc3 h4 41. h3 1-0

[Event "Mitropa Cup 32nd"]
[Site "Meissen"]
[Date "2013.06.08"]
[Round "8.4"]
[White "Housieaux, David"]
[Black "Kislinsky, Alexey"]
[Result "0-1"]
[WhiteElo "2466"]
[BlackElo "2565"]
[PlyCount "130"]
[EventDate "2013.06.01"]
[EventType "team-tourn"]
[EventRounds "9"]
[EventCountry "GER"]
[Source "ChessBase"]
[SourceDate "2013.06.25"]
[WhiteTeam "France"]
[BlackTeam "Czechia"]
[WhiteTeamCountry "FRA"]
[BlackTeamCountry "CZE"]

1. d4 g6 2. c4 Bg7 3. e4 c5 4. d5 d6 5. Nc3 e6 6. Bd3 exd5 7. exd5 Ne7 8. h3
O-O 9. Nf3 h6 10. Qc2 a6 11. a4 Nd7 12. Bf4 Nf6 13. Bh2 Nh7 14. O-O Nf5 15. Ne4
Nf6 16. Rae1 Nxe4 17. Rxe4 b5 18. cxb5 Ne7 19. Qb3 Bf5 20. Re2 Bxd3 21. Qxd3
axb5 22. axb5 Nf5 23. g4 Nd4 24. Nxd4 Bxd4 25. b4 Ra4 26. Rb1 Qf6 27. bxc5 Bxc5
28. b6 Rb8 29. Qc2 Ra1 30. Rxa1 Qxa1+ 31. Kg2 Qa6 32. Re7 Qxb6 33. Qe4 Qb2 34.
Qf4 Qg7 35. Bg3 Rb4 36. Qf3 Qf8 37. Qf6 Qg7 38. Qf3 Qf8 39. Qf6 Qg7 40. Re8+
Kh7 41. Qe7 Rb2 42. Rc8 Ra2 43. Rc7 Kg8 44. Rc8+ Kh7 45. Rc7 Kg8 46. h4 Qf8 47.
Qf6 Qg7 48. Qd8+ Qf8 49. Qf6 Qg7 50. Qf3 Qf8 51. g5 hxg5 52. hxg5 Qe8 53. Kh2
Bd4 54. Qg4 Bxf2 55. Rc8 Bb6+ 56. Kh3 Bd8 57. Bxd6 Rd2 58. Bc7 Rd3+ 59. Kg2 Qe1
60. Rxd8+ Kg7 61. Bb6 Rd2+ 62. Kf3 Qd1+ 63. Kf4 Qa4+ 64. Ke3 Qxg4 65. Kxd2 Qb4+
0-1

[Event "Mitropa Cup 32nd"]
[Site "Meissen"]
[Date "2013.06.08"]
[Round "8.4"]
[White "Krejci, Jan2"]
[Black "Cotonnec, Melkior"]
[Result "1-0"]
[WhiteElo "2503"]
[BlackElo "2432"]
[PlyCount "105"]
[EventDate "2013.06.01"]
[EventType "team-tourn"]
[EventRounds "9"]
[EventCountry "GER"]
[Source "ChessBase"]
[SourceDate "2013.06.25"]
[WhiteTeam "Czechia"]
[BlackTeam "France"]
[WhiteTeamCountry "CZE"]
[BlackTeamCountry "FRA"]

1. e4 c5 2. Nf3 g6 3. d4 cxd4 4. Qxd4 Nf6 5. Nc3 Nc6 6. Qa4 d6 7. e5 dxe5 8.
Nxe5 Bd7 9. Nxd7 Qxd7 10. Be3 Bg7 11. Rd1 Qg4 12. Rd4 Qc8 13. Bb5 Nd7 14. Bxc6
Qxc6 15. Qxc6 bxc6 16. Rc4 Ne5 17. Ra4 O-O 18. Ke2 Rfb8 19. b3 Nd7 20. Ne4 a5
21. Rc4 Ne5 22. Rc5 Rb5 23. a4 Rxc5 24. Nxc5 Ng4 25. Rd1 Bc3 26. Bd4 Bxd4 27.
Rxd4 Nf6 28. Rc4 Rc8 29. Nb7 Nd7 30. Nxa5 c5 31. Re4 e5 32. Nc4 f5 33. Re3 e4
34. f3 Nf6 35. fxe4 Nxe4 36. g4 Kg7 37. gxf5 gxf5 38. a5 Kg6 39. Kf3 Kf6 40.
Nb6 Rc6 41. Kf4 h6 42. Nd5+ Ke6 43. Nc3 Ra6 44. Nxe4 fxe4 45. Rxe4+ Kd5 46. Ra4
Rf6+ 47. Ke3 Ra6 48. Kd3 h5 49. h4 c4+ 50. Rxc4 Rxa5 51. Ra4 Rc5 52. b4 Rc8 53.
Ra5+ 1-0

[Event "Mitropa Cup 32nd"]
[Site "Meissen"]
[Date "2013.06.08"]
[Round "8.4"]
[White "Zilka, Stepan"]
[Black "Guidarelli, Laurent"]
[Result "0-1"]
[WhiteElo "2532"]
[BlackElo "2472"]
[PlyCount "80"]
[EventDate "2013.06.01"]
[EventType "team-tourn"]
[EventRounds "9"]
[EventCountry "GER"]
[Source "ChessBase"]
[SourceDate "2013.06.25"]
[WhiteTeam "Czechia"]
[BlackTeam "France"]
[WhiteTeamCountry "CZE"]
[BlackTeamCountry "FRA"]

1. d4 Nf6 2. c4 c5 3. d5 b5 4. cxb5 a6 5. bxa6 Bxa6 6. Nc3 d6 7. e4 Bxf1 8.
Kxf1 g6 9. Nf3 Bg7 10. g3 O-O 11. Kg2 Nbd7 12. a4 Qb8 13. Qe2 Qb7 14. Bd2 e6
15. dxe6 fxe6 16. Rhe1 d5 17. Kg1 c4 18. Bf4 Nc5 19. Bd6 Nfxe4 20. Nxe4 Nxe4
21. Bxf8 Rxf8 22. Reb1 g5 23. h3 h5 24. Rf1 Qxb2 25. Qxb2 Bxb2 26. Ra2 Rxf3 27.
Rxb2 Ra3 28. Rfb1 Kf7 29. Rb7+ Kf6 30. R1b4 g4 31. hxg4 hxg4 32. Rb8 Ra1+ 33.
Kg2 Ra2 34. Rb2 Rxb2 35. Rxb2 c3 36. Re2 Nc5 37. Kf1 d4 38. Rc2 Nxa4 39. Ke2
Ke5 40. Ra2 Nb2 0-1

[Event "Mitropa Cup 32nd"]
[Site "Meissen"]
[Date "2013.06.08"]
[Round "8.2"]
[White "Borisek, Jure"]
[Black "Hug, Werner"]
[Result "1/2-1/2"]
[WhiteElo "2552"]
[BlackElo "2471"]
[PlyCount "117"]
[EventDate "2013.06.01"]
[EventType "team-tourn"]
[EventRounds "9"]
[EventCountry "GER"]
[Source "ChessBase"]
[SourceDate "2013.06.25"]
[WhiteTeam "Slovenia"]
[BlackTeam "Switzerland"]
[WhiteTeamCountry "SLO"]
[BlackTeamCountry "SUI"]

1. e4 e6 2. d4 d5 3. Nd2 c5 4. Ngf3 cxd4 5. exd5 Qxd5 6. Bc4 Qd6 7. O-O Nf6 8.
Nb3 Nc6 9. Nbxd4 Nxd4 10. Nxd4 Bd7 11. c3 Qc7 12. Qe2 Bd6 13. Nb5 Bxb5 14.
Bxb5+ Ke7 15. g3 Rhd8 16. a4 a6 17. Bd3 a5 18. Bg5 h6 19. Bxf6+ Kxf6 20. Be4
Rd7 21. Rad1 Rad8 22. Kg2 Ke7 23. Bf3 Be5 24. Rxd7+ Rxd7 25. Qb5 b6 26. Re1 Bf6
27. Re4 Qc5 28. Qa6 Rd2 29. Re2 Rxe2 30. Qxe2 Be5 31. h4 Qc7 32. h5 Bd6 33. Qe4
Be5 34. Be2 Qc5 35. f4 Bd6 36. Bf3 f5 37. Qa8 Qc7 38. Qg8 Kf6 39. Qe8 Qf7 40.
Qd8+ Qe7 41. Qxb6 e5 42. c4 Qc7 43. fxe5+ Kxe5 44. Qe3+ Kf6 45. Qe8 Qe7 46.
Qg6+ Ke5 47. Bd5 Qf6 48. Qe8+ Qe7 49. Qc6 Kf6 50. Kf1 Kg5 51. c5 Bxg3 52. Qg6+
Kh4 53. Qxf5 Qe1+ 54. Kg2 Qe2+ 55. Kg1 Qd1+ 56. Kg2 Qe2+ 57. Kg1 Qd1+ 58. Kg2
Qe2+ 59. Kg1 1/2-1/2

[Event "Mitropa Cup 32nd"]
[Site "Meissen"]
[Date "2013.06.08"]
[Round "8.2"]
[White "Ekstroem, Roland"]
[Black "Stajner, Samo"]
[Result "1/2-1/2"]
[WhiteElo "2420"]
[BlackElo "2321"]
[PlyCount "86"]
[EventDate "2013.06.01"]
[EventType "team-tourn"]
[EventRounds "9"]
[EventCountry "GER"]
[Source "ChessBase"]
[SourceDate "2013.06.25"]
[WhiteTeam "Switzerland"]
[BlackTeam "Slovenia"]
[WhiteTeamCountry "SUI"]
[BlackTeamCountry "SLO"]

1. d4 d5 2. c4 c6 3. Nf3 Nf6 4. Qb3 dxc4 5. Qxc4 Bf5 6. g3 e6 7. Bg2 Nbd7 8.
O-O Be7 9. Nc3 O-O 10. Re1 h6 11. e4 Bh7 12. a3 Rc8 13. b4 a5 14. Bf4 Ra8 15.
Ne5 Nb6 16. Qd3 axb4 17. axb4 Bxb4 18. Rab1 Qe7 19. Rb3 Na4 20. Bd2 Rfd8 21.
Qc4 Bxc3 22. Bxc3 Nxc3 23. Qxc3 Ra7 24. h3 Qd6 25. Rb4 Nd7 26. Nxd7 Qxd7 27.
Qc5 Rda8 28. Qb6 Bg6 29. Rd1 Bh5 30. Rd2 Ra1+ 31. Kh2 R8a7 32. Rbb2 R1a6 33.
Qb4 Ra4 34. Qb6 R4a6 35. Qb4 Bg6 36. d5 cxd5 37. exd5 e5 38. d6 e4 39. Bxe4
Bxe4 40. Qxe4 Rxd6 41. Rxd6 Qxd6 42. Rxb7 Rxb7 43. Qxb7 g6 1/2-1/2